With the bats / (Record no. 32556)

MARC details
000 -LEADER
fixed length control field 01215nam a2200313 a 4500
005 - DATE AND TIME OF LATEST TRANSACTION
control field 20091211142322.0
008 - FIXED-LENGTH DATA ELEMENTS--GENERAL INFORMATION
fixed length control field 050913s2006 nyua b 000 1 eng
020 ## - INTERNATIONAL STANDARD BOOK NUMBER
International Standard Book Number 0375835636
Terms of availability 100.00
037 ## - SOURCE OF ACQUISITION
Source of stock number/acquisition Blueberry Books
040 ## - CATALOGING SOURCE
Original cataloging agency dpl
Language of cataloging English
082 ## - DEWEY DECIMAL CLASSIFICATION NUMBER
Classification number S
100 ## - MAIN ENTRY--PERSONAL NAME
Personal name Greenburg, J. C.
Fuller form of name (Judith C.)
245 ## - TITLE STATEMENT
Title With the bats /
Statement of responsibility, etc by J. C. Greenburg ; illustrated by Jan Gerardi
260 ## - PUBLICATION, DISTRIBUTION, ETC. (IMPRINT)
Place of publication, distribution, etc New York
Name of publisher, distributor, etc Random House
Date of publication, distribution, etc 2006
300 ## - PHYSICAL DESCRIPTION
Extent 83 p.:
Other physical details ill.
Dimensions 20 cm(pbk)
490 ## - SERIES STATEMENT
Series statement Andrew lost ;
Volume number/sequential designation 14
500 ## - GENERAL NOTE
General note "A Stepping Stone Book."
520 ## - SUMMARY, ETC.
Summary, etc When Andrew and Judy, still the size of beetles, are carried into a cave, they learn more than they ever wanted to know about the bats and bugs that live there from Thudd the Robot--and personal experience.
650 ## - SUBJECT ADDED ENTRY--TOPICAL TERM
Topical term or geographic name as entry element Caves
Form subdivision Fiction.
650 ## - SUBJECT ADDED ENTRY--TOPICAL TERM
Topical term or geographic name as entry element Bats
Form subdivision Fiction.
650 ## - SUBJECT ADDED ENTRY--TOPICAL TERM
Topical term or geographic name as entry element Insects
Form subdivision Fiction.
650 ## - SUBJECT ADDED ENTRY--TOPICAL TERM
Topical term or geographic name as entry element Worms
Form subdivision Fiction
650 ## - SUBJECT ADDED ENTRY--TOPICAL TERM
Topical term or geographic name as entry element Time travel
Form subdivision Fiction.
650 ## - SUBJECT ADDED ENTRY--TOPICAL TERM
Topical term or geographic name as entry element Cousins
Form subdivision Fiction.
700 ## - ADDED ENTRY--PERSONAL NAME
Personal name Gerardi, Jan
942 ## - ADDED ENTRY ELEMENTS (KOHA)
Source of classification or shelving scheme Dewey Decimal Classification
Item type Children Books
Classification part S
Call number suffix GRE
Holdings
Withdrawn status Lost status Source of classification or shelving scheme Damaged status Not for loan Collection code Home library Current library Date acquired Source of acquisition Cost, normal purchase price Total Checkouts Full call number Date last seen Cost, replacement price Koha item type
    Dewey Decimal Classification   Ordered Fiction Andrews Gunj Andrews Gunj 11/12/2009 Blueberry Books 100.00   S GRE 11/12/2009 100.00 Children Books

© Delhi Public Library
Hit Counter
free hit counter